| LEADER | 01496nam a2200253 4500 | ||
|---|---|---|---|
| 082 | |a 910.014 |b NG527V | ||
| 100 | |a Nguyễn Viết Mạch | ||
| 245 | |a Địa chí làng Hiển Lộc |c Nguyễn Viết Mạch, Nguyễn Viết Thắng sưu tầm và biên soạn | ||
| 260 | |a Huế. |b Thuận Hóa |c 2010 | ||
| 300 | |a 666tr. |c 21cm | ||
| 520 | |a vv | ||
| 653 | |a Địa lý | ||
| 653 | |a Địa danh | ||
| 653 | |a Việt Nam | ||
| 653 | |a Đồng Hới | ||
| 653 | |a Quảng Bình | ||
| 653 | |a Địa chí | ||
| 942 | |2 ddc |c STK0 | ||
| 999 | |c 1263 |d 1263 | ||
| 952 | |0 0 |1 0 |2 ddc |4 0 |6 910_014000000000000_NG527V |7 1 |8 900 |9 24332 |a qbu |b qbu |c D5 |d 2014-12-08 |g 150000 |o 910.014 NG527V |p 4599.C1 |r 0000-00-00 |w 2014-12-08 |y STK0 |0 0 |6 910_014000000000000_NG527V | ||
| 952 | |0 0 |1 0 |2 ddc |4 0 |6 910_014000000000000_NG527V |7 0 |8 900 |9 24333 |a qbu |b qbu |c D5 |d 2014-12-08 |g 150000 |o 910.014 NG527V |p 4599.C2 |r 0000-00-00 |w 2014-12-08 |y STK0 |0 0 |6 910_014000000000000_NG527V | ||
| 952 | |0 0 |1 0 |2 ddc |4 0 |6 910_014000000000000_NG527V |7 0 |8 900 |9 24334 |a qbu |b qbu |c D5 |d 2014-12-08 |g 150000 |o 910.014 NG527V |p 4599.C3 |r 0000-00-00 |w 2014-12-08 |y STK0 |0 0 |6 910_014000000000000_NG527V | ||
| 952 | |0 0 |1 0 |2 ddc |4 0 |6 910_014000000000000_NG527V |7 0 |8 900 |9 24335 |a qbu |b qbu |c D5 |d 2014-12-08 |g 150000 |o 910.014 NG527V |p 4599.C4 |r 0000-00-00 |w 2014-12-08 |y STK0 |0 0 |6 910_014000000000000_NG527V | ||
| 952 | |0 0 |1 0 |2 ddc |4 0 |6 910_014000000000000_NG527V |7 0 |8 900 |9 24336 |a qbu |b qbu |c D5 |d 2014-12-08 |g 150000 |o 910.014 NG527V |p 4599.C5 |r 2016-12-13 |w 2014-12-08 |y STK0 |0 0 |6 910_014000000000000_NG527V | ||